Filmy Willa Smith'a - nagła śmierć - Statystyki

Ogólne statystyki
  • Ten quiz został rozwiązany 92 razy
  • Średni wynik to 8 z 16
Answers on the Grid
Answers color-coded by a green-red scale on the quiz's grid according to % correct below.
21 Mostów
1000 lat po Ziemi
Aladyn (2019)
Ali
Bad Boys
Wstrząs
Wróg Publiczny
Płoty
Bliźniak
Get on Up
Chwała
Hitch
Jestem legendą
Ja Robot
Dzień Niepodległości
42 / Opowieść o
Jakie Robinsonie
Jerry Maguire
King Richard
Faceci w Czerni
Raport Mniejszości
Tylko dla Odważnych
Roman J. Israel
Siedem Dusz
Legion samobójców
Władcy Umysłów
Bez litości
Król Lew
Marsjanin
W pogoni za szczęściem
Psy mafii
 
Statystyki odpowiedzi
Odpowiedź % Poprawnych
Faceci w Czerni
86%
Bad Boys
80%
Jestem legendą
76%
Ja Robot
75%
Aladyn (2019)
71%
Legion samobójców
67%
Dzień Niepodległości
59%
1000 lat po Ziemi
53%
Hitch
51%
Siedem Dusz
47%
W pogoni za szczęściem
45%
Wróg Publiczny
31%
Ali
29%
King Richard
29%
Bliźniak
27%
Wstrząs
10%
Nie znaleziono quizów pasujących do podanych kryteriów
Rozkład punktacji
Procent ludzi z każdym wynikiem
Percentyl według liczby udzielonych odpowiedzi
Twoja historia wyników
Nie rozwiązałeś tego quizu